Statistiques concernant Les jeux Animal Crossing

Cliquez ici pour prendre le quiz!

Statistiques générales

  • Ce quiz a été pris 150 fois
  • Le résultat moyen est 5 sur 8

Statistiques - réponses

Année de sortieRéponse% Correct
2012 (JAP)
2013 (INT)
Animal Crossing: New Leaf
93%
2020Animal Crossing: New Horizons
91%
2002 (USA)
2004 (EUR)
Animal Crossing
72%
2005Animal Crossing: Wild World
67%
2008Animal Crossing: Let's Go to the City
61%
2017Animal Crossing: Pocket Camp
60%
2015Animal Crossing: Happy Home Designer
57%
2015Animal Crossing: Amiibo Festival
31%

Distribution des résultats

Percentile par nombre de réponses

% des personnes avec chaque résultat

Votre développement - résultats

Vous n’avez pas pris ce quiz